| 000 | 00485nam a2200157Ia 4500 | ||
|---|---|---|---|
| 005 | 20250519151807.0 | ||
| 008 | 231217s9999 xx 000 0 und d | ||
| 020 | _a9780761936060 | ||
| 082 | _a658.848 CHA;1 R | ||
| 100 | _aChakraborty,Debashis. Khan,Amir Ullah. | ||
| 245 | 0 | _aWTO deadlocked : understanding the dynamics of international trade | |
| 260 |
_c2008 _bSage _aLos-Angeles |
||
| 300 | _axxv, 327 | ||
| 650 | _aWTO,deadlocked,understanding,dynamics,trade | ||
| 942 | _cAA | ||
| 999 |
_c191689 _d191689 |
||